000
00364nam a2200157Ia 4500
008
151213s9999 xx 000 0 und d
100
_a
D. M. Low
245
_a
Essays and Studies
_c
D. M. Low
250
_a
1st
260
_a
London
_b
John Murry
_c
1955
300
_a
6549 p.
650
_a
Literature
650
_a
Literature
700
_a
D. M. Low
999
_c
3631
_d
3631